000 01702namaa2200433uu 4500
001 doab72679
003 oapen
005 20260305123943.0
006 m o d
007 cr|mn|---annan
008 211106s2022 xx |||||o ||| 0|eng d
020 _a 9781003145875
020 _a9780367703592
020 _a9780367703615
020 _a9781003145875
024 7 _a10.4324/ 9781003145875
_2doi
040 _aoapen
_coapen
041 0 _aeng
042 _adc
072 7 _aDSY
_2bicssc
720 1 _aMoya- Guijarro, A. Jesús
_4edt
245 0 0 _aA Multimodal Approach to Challenging Gender Stereotypes in Children's Picture Books
260 _bTaylor & Francis
_c2022
300 _a1 online resource
336 _atext
_btxt
_2rdacontent
337 _acomputer
_bc
_2rdamedia
338 _aonline resource
_bcr
_2rdacarrier
506 0 _aFree-to-read
_fUnrestricted online access
_2star
520 _aA Multimodal Approach to Challenging Gender Stereotypes in Children's Picture Books is a collection of research papers in the fields of multimodality and picture books. 1 The chapters broaden the previous analyses of this genre, carried out from content, psychological, literary and didactic points of view.
540 _aAll rights reserved
_uhttp://oapen.org/content/about-rights
546 _aEnglish
650 7 _aChildren's & teenage literature studies
_2bicssc
653 _aChildren's books
720 1 _aMoya- Guijarro, A. Jesús
_4oth
720 1 _aVentola, Eija
_4edt
720 1 _aVentola, Eija
_4oth
793 0 _aDOAB Library.
856 4 0 _uhttps://directory.doabooks.org/handle/20.500.12854/72679
_70
_zFree-to-read: DOAB: description of the publication
999 _c92537
_d92537